|
|
|
|
| LEADER |
00000nab a2200000uu 4500 |
| 001 |
vtls011461588 |
| 003 |
SK-MaSNL |
| 005 |
20260303113340.0 |
| 008 |
230121|2009 xo |||||||||||||||||slo| |
| 015 |
|
|
|a SNBRB
|
| 035 |
|
|
|a (urnnbn)urn:nbn:sk:snk:ar-a0ahx8
|
| 035 |
|
|
|a (uuid)044fde51-3b9f-45ee-a1e2-cd7763eb1a1e
|
| 035 |
|
|
|a urn:nbn:sk:snk-abcv8b
|
| 040 |
|
|
|a SNKBUCL
|b slo
|c SNKBUCL
|e AACR2
|
| 041 |
0 |
|
|a slo
|
| 044 |
|
|
|a xo
|c SK
|
| 100 |
1 |
|
|a Sýkora, Juraj,
|d 1958-
|4 aut
|9 10357
|
| 245 |
1 |
0 |
|a Temsirolimus :
|b mTOR ako nová cieľová štruktúra v liečbe pokročilého karcinómu obličky a lymfómu z plášťových buniek
|c J. Sýkora
|
| 773 |
0 |
|
|t Farmaceutický obzor : odborný časopis Ministerstva zdravotníctva Slovenskej republiky a Slovenskej zdravotníckej univerzity v Bratislave
|g Roč. 78, č. 10 (2009), s. 273-278
|
| 958 |
|
|
|a OND
|
| 958 |
|
|
|a EUIPO
|
| 958 |
|
|
|a article16
|
| 999 |
|
|
|c 1892012
|d 1893942
|